PRINCIPLES OF MANAGEMENT (Record no. 9100)

MARC details
000 -LEADER
fixed length control field 00908nam a22001697a 4500
003 - CONTROL NUMBER IDENTIFIER
control field SGT
020 ## - INTERNATIONAL STANDARD BOOK NUMBER
International Standard Book Number 9780071333337
082 ## - DEWEY DECIMAL CLASSIFICATION NUMBER
Classification number 658, TRI
100 ## - MAIN ENTRY--PERSONAL NAME
Personal name TRIPATHI P C
245 ## - TITLE STATEMENT
Title PRINCIPLES OF MANAGEMENT
250 ## - EDITION STATEMENT
Edition statement 5TH
260 ## - PUBLICATION, DISTRIBUTION, ETC. (IMPRINT)
Place of publication, distribution, etc NEW DELHI
Name of publisher, distributor, etc MCGRAW HILL
Year of Publication 2012
300 ## - PAGE DESCRIPTION
No. of Pages 454
650 ## - SUBJECT ADDED ENTRY--TOPICAL TERM
Topical term or geographic name as entry element MANAGEMENT
653 ## - KEYWORDS--INDEX TERM
Keyword term Nature and Functions of Management, Development of Management Thought, Social Responsibilities of Business, Planning, Decision-Making, Business Forecasting and Operations Research, Organization, Authority Delegation and Decentralization, Coordination, Informal Organization, Staffing, Training and Development, Performance Management, Compensation Plans, Direction and Supervision, Communication, Leadership, Managerial Control, Organizational Change, Management of Organizational Conflict and Power Politics, Organizational Climate or Culture (OC)
942 ## - ADDED ENTRY ELEMENTS (KOHA)
Source of classification or shelving scheme Dewey Decimal Classification
Koha item type FCM Books
942 ## - ADDED ENTRY ELEMENTS (KOHA)
-- 9
Holdings
Withdrawn status Lost status Source of classification or shelving scheme Damaged status Not for loan Home library Current library Shelving location Date acquired Vendor Name Cost, normal purchase price SGTU Bill Number Total Checkouts Full call number Accession No. (Barcode) Date last seen Date last borrowed Bill Date Koha item type Total Renewals
    Dewey Decimal Classification     SGT Science & Social Sciences Library SGT Science & Social Sciences Library Text Book 16/06/2016 KIRTI PRAKASHAN 499.00 SGTU 2365 36 658, TRI CM696 10/01/2025 10/01/2025 16/03/2015 FCM Books  
    Dewey Decimal Classification     SGT Science & Social Sciences Library SGT Science & Social Sciences Library Text Book 16/06/2016 KIRTI PRAKASHAN 499.00 SGTU 2365 25 658, TRI CM697 10/01/2025 02/01/2025 16/03/2015 FCM Books 1